01417 2200265 4500001002100000005001500021035002000036245002500056100003600081250001400117300004500131264004000176336002100216337003000237338002300267082000800290084001400298020002200312008004100334650001500375520072800390990001101118990001101129990001101140INLIS00000000001843620260210103527 a0010-10220002101 aMelukis Di Atas Kayu0 aYati Mariana GarnadiePengarang aCetakan I a56 halaman :bIlustrasi [Warna] ;c25 cm aBandung :bRemaja Rosdakarya,c2015 2rdacontentaTeks 2rdamediaaTanpa perantara 2rdacarrieraLembar a750 a750 YAT m a978-979-692-699-2260210 g 0 ind  4aSeni Lukis aBuku Melukis di Atas Kayu membahas teknik seni rupa yang memanfaatkan media kayu sebagai bidang lukis. Materi di dalamnya mencakup pengenalan jenis-jenis kayu yang sesuai untuk melukis, persiapan permukaan kayu, pemilihan cat dan kuas, serta langkah-langkah praktis dalam proses melukis. Selain aspek teknis, buku ini juga menyoroti nilai estetika dan keunikan tekstur kayu yang dapat memperkaya hasil karya seni. Disertai dengan contoh karya dan latihan, buku ini bertujuan memberikan panduan bagi pemula maupun seniman yang ingin mengeksplorasi media alternatif selain kanvas. Dengan pendekatan yang sistematis dan mudah dipahami, buku ini menjadi sarana edukatif sekaligus inspiratif untuk memperluas wawasan seni lukis. a069239 a069238 a069237